000 01712cam a22004694i 4500
003 PE-LiUPU
005 20250731173451.0
008 150616s r 000 0 d
020 _a0805202536
035 _a(Sirsi) i9780805202533
040 _aPE-LiUPU
_bspa
_cPE-LiUPU
_erda
049 _aPRUA
082 0 4 _a222.11
_bS23
_221
100 1 _aSarna, Nahum M.,
_eautor.
245 1 0 _aUnderstanding Genesis /
_cNahum M. Sarna.
264 1 _aNew York :
_bSchocken Books,
_c1970.
300 _a267 páginas ;
_c20 centímetros
336 _atext
_2rdacontent
337 _aunmediated
_2rdamedia
338 _avolume
_2rdacarrier
505 0 _aCreation -- The flood -- The Tower of Babel -- The Patriarchal Period -- From Mesopotamia to Canaan -- The Battle of the Kings -- the Covenant -- Sodom and Gomorrah -- The Birth of Isaac and the Akedah -- Winding Up Affairs -- Jacob and Esau -- Jacob and Laban -- Joseph.
526 _aSEG42
526 _aSEG41
526 _aSEG40
526 _aSEG39
526 _aP94
526 _aP87
526 _aP86
526 _aP85
526 _aP77
526 _aP76
526 _aP35
630 _aBiblia.
_pA.T.
_PG énesis
_xEstudio y enseñanza.
650 0 4 _a
910 _ajck
_bjvq
_cjck
942 _2ddc
_cBOOK
949 _a222.11 S23
_wDEWEY
_c1
_i39853
_lCCODEBUL1
_mBUL
_r0
_sY
_tBOOK
_u2015-6-16
_xTEOLOGIA
_zUNKNOWN
_0COMPRA
_o.STAFF. Colección General
994 _aC0
_bPEPRU
596 _a1
999 _a222.11 S23
_wDEWEY
_c57626
_i39853
_d57626
_f2021-11-11
_g5
_lCCODEBUL1
_mBUL
_q1
_r0
_sY
_tBOOK
_u2015-6-16
_xTEOLOGIA
_zUNKNOWN
_0COMPRA
_o.STAFF. Colección General
980 _81
_gALBERTO SANCHEZ Responsable de Automatización